000 00707nam a2200229 i 4500
001 bg
100 1 _aGlinicki, Stanisław Paweł
_c(1921-2008).
245 0 0 _aGeotechnika budowlana.
_nCz. 2 /
_cStanisław Paweł Glinicki.
260 _aBiałystok :
_bWydawnictwa PB,
_c1992.
300 _a340 s. :
_brys., wykr. ;
_c24 cm.
490 1 _aSkrypty / Politechnika Białostocka
504 _aBibliogr. s. 338-340.
650 9 _aFundamenty
650 9 _aGeologia inżynierska
655 _aPodręczniki akademickie
830 0 _aSkrypty (Politechnika Białostocka)
040 _cBPK
041 0 _apl
080 _a624.131.2/.6:624.15](075.8)
942 _cKS
008 s pl f |000 0 pol
999 _c6750
_d6750
856 _uhttp://koha.tu.koszalin.pl/cgi-bin/koha/opac-detail.pl?biblionumber=6750
_yKatalog online BPK